| 000 | 00758nam a2200229Ia 4500 | ||
|---|---|---|---|
| 001 | 23622 | ||
| 003 | GE_BSU | ||
| 008 | 181216s||||||||xx |||||||||||||| ||und|| | ||
| 020 | _a9992831057 | ||
| 040 | _cGE_BSU | ||
| 080 | _a94(100)"15/18 | ||
| 100 | _aთვალავაძე, ვ. | ||
| 245 | _aახალი ისტორია. 1640-1815 წლები. ნაკვ. 2 | ||
| 245 | _cრედ. გ. მანჯგალაძე. | ||
| 260 | _aთბილისი | ||
| 260 | _bთბილისის უნ-ტის გამ-ბა | ||
| 260 | _c1999 | ||
| 300 | _a205გვ. ; 21სმ. ილ. | ||
| 541 | _h7 ლ. | ||
| 653 | _aახალი ისტორია. 1640-1815 წლები. ნაკვ. 2 | ||
| 942 | _cBK | ||
| 999 |
_c56508 _d56508 |
||